000 00624 a2200181 4500
999 _c2526
_d2526
020 _a085598418X
050 0 0 _aHC 800 ROC1999
100 1 _aRoche, Chris
245 1 0 _aImpact assessment for development agencies :
_blearning to value change /
_cChris Roche.
264 _aLondon:
_bOxfam;
_c1999
300 _aviii, 312 p. :
_bill. ;
500 _aOriginally published: Oxfam GB with Novib, 1999.
504 _aIncludes bibliographical references (p. 285-292) and index.
650 0 _aEconomic development projects
_xEvaluation.
710 2 _aOxfam GB.
942 _2lcc
_cBK
_h800
_iROC
_kHC